KOHA-Header-6

Leadership (Record no. 1904)

000 -LEADER
fixed length control field 00315nam a2200133Ia 4500
008 - FIXED-LENGTH DATA ELEMENTS--GENERAL INFORMATION
fixed length control field 190723s9999 xx 000 0 und d
020 ## - INTERNATIONAL STANDARD BOOK NUMBER
International Standard Book Number 978-1-111-82707-6
100 ## - MAIN ENTRY--PERSONAL NAME
Personal name Robert N. Lussier
245 #0 - TITLE STATEMENT
Title Leadership
250 ## - EDITION STATEMENT
Edition statement 5th
260 ## - PUBLICATION, DISTRIBUTION, ETC. (IMPRINT)
Place of publication, distribution, etc Australia
Name of publisher, distributor, etc Cengage Learning
Date of publication, distribution, etc 2013
300 ## - PHYSICAL DESCRIPTION
Extent 516.:p
942 ## - ADDED ENTRY ELEMENTS (KOHA)
Koha item type Books
Holdings
Withdrawn status Lost status Source of classification or shelving scheme Damaged status Not for loan Collection code Permanent Location Current Location Shelving location Date acquired Total Checkouts Full call number Barcode Date last seen Date checked out Price effective from Koha item type
          Marketing MAJU MAJU   2019-07-23 1 658.409 8527 2020-07-27 2019-09-30 2019-07-23 Marketing

Powered by Koha